01017naa a22002777a 4500001001000000003000900010005001700019007000300036008003400039040005400073041000900127072001300136090001800149100002400167245002400191500011500215773011400330650002400444650002500468650001400493490003800507942001500545909004000560999001900600952012000619BR7808103BR-BrBNA20250714162952.0ta250630b bl.|||m| |||| 00| 0 por d aBR-BrBNAbporcBiblioteca Nacional de Agricultura a(Pt) aD10; P35 aD10 BR78081031 aValadares, J.M.A.S.1 aFertilidade do solo aCiencia e Tecnologia no estado de Sao Paulo 3. Agropecuaria solo [np](Brasil): [nd]. p. 69-80 (BR7808103-AMS) 0 tCiencia e Tecnologia no estado de Sao Paulo 3. Agropecuaria solowD10 BR7808103g[np](Brasil), [nd]. p. 69-80 aFERTILIDADE DO SOLO aINSTITUICAO AGRICOLA aSAO PAULO aPublicacao ACIESP (Brazil)vno. 4 cAMS2AGRIS a202506bLúciac55dLúcia Elande c333185d333185 002AGRIS40708AGROBASEa41918b41918l0r2025-06-30t01yAMS10d2025-06-30ePortaria Interministerial nº 164/94